| 000 | 00734cam a2200229 4500500 | ||
|---|---|---|---|
| 005 | 20260111080158.0 | ||
| 041 | _afre | ||
| 042 | _adc | ||
| 100 | 1 | 0 |
_aCotten, Michel _eauthor |
| 245 | 0 | 0 | _aLa réforme territoriale : une réforme qui avance |
| 260 | _c2017. | ||
| 500 | _a9 | ||
| 690 | _adécentralisation | ||
| 690 | _afinances locales | ||
| 690 | _aintercommunalités | ||
| 690 | _amaîtrise des dépenses locales | ||
| 690 | _amétropoles | ||
| 690 | _arégions | ||
| 690 | _astructures locales | ||
| 786 | 0 | _nGestion & Finances Publiques | 1 | 1 | 2017-01-25 | p. 36-47 | 1969-1009 | |
| 856 | 4 | 1 | _uhttps://droit.cairn.info/revue-gestion-et-finances-publiques-2017-1-page-36?lang=fr&redirect-ssocas=7080 |
| 999 |
_c1615966 _d1615966 |
||